Rituals in early Christianity : new perspectives on tradition and transformation /

Bibliographic Details
Corporate Author: EBSCOhost
Other Authors: Vos, Nienke (Editor), Geljon, Albert C. (Editor)
Format: eBook
Language:English
Published: Leiden ; Boston : Brill, [2020]
Series:Supplements to Vigiliae Christianae ; v. 164.
Subjects:
Online Access:Connect to the full text of this electronic book

MARC

Tag First Indicator Second Indicator Subfields
LEADER 00000nam a2200000 i 4500
001 in00005490313
003 OCoLC
005 20220423144025.1
006 m o d
007 cr |||||||||||
008 201020t20202021ne a ob 001 0 eng d
024 8 |a 90100162626 
040 |a YDX  |b eng  |e rda  |e pn  |c YDX  |d YDXIT  |d N$T  |d OCLCF  |d OCLCO  |d OCLCQ  |d NRC  |d GRG  |d OCLCO  |d GRG 
020 |a 9004441727  |q (electronic book) 
020 |a 9789004441729  |q (electronic bk.) 
020 |z 9004440976 
020 |z 9789004440975 
035 |a (OCoLC)1201370553 
050 4 |a BV185  |b .R58 2021 
082 0 4 |a 264.009/015  |2 23 
245 0 0 |a Rituals in early Christianity :  |b new perspectives on tradition and transformation /  |c edited by Nienke M. Vos, Albert C. Geljon. 
264 1 |a Leiden ;  |a Boston :  |b Brill,  |c [2020] 
264 4 |c ©2021 
300 |a 1 online resource ( xii, 363 pages) : 
336 |a text  |b txt  |2 rdacontent 
337 |a computer  |b c  |2 rdamedia 
338 |a online resource  |b cr  |2 rdacarrier 
490 1 |a Supplements to Vigiliae Christianae,  |x 0920-623X ;  |v volume 164 
504 |a Includes bibliographical references and index. 
588 0 |a Electronic resource, viewed: April 11, 2022. 
650 0 |a Liturgies, Early Christian. 
650 0 |a Rites and ceremonies  |x History. 
650 0 |a Church history  |y Primitive and early church, ca. 30-600. 
650 6 |a Liturgie chrétienne primitive. 
650 6 |a Rites et cérémonies  |x Histoire. 
650 6 |a Église  |x Histoire  |y ca 30-600 (Église primitive) 
650 7 |a Church history  |x Primitive and early church.  |2 fast  |0 (OCoLC)fst01710945 
650 7 |a Liturgies, Early Christian.  |2 fast  |0 (OCoLC)fst01000592 
650 7 |a Rites and ceremonies.  |2 fast  |0 (OCoLC)fst01098216 
648 7 |a 30-600  |2 fast 
655 7 |a Electronic books.  |2 local 
700 1 |a Vos, Nienke,  |e editor.  |4 edt 
700 1 |a Geljon, Albert C.,  |e editor.  |4 edt 
710 2 |a EBSCOhost 
776 1 8 |i Print version:  |t Rituals in early Christianity : new perspectives on tradition and transformation.  |d Leiden : Brill, c2021  |z 9789004440975  |w (OCoLC)1178895735 
830 0 |a Supplements to Vigiliae Christianae ;  |v v. 164.  |x 0920-623X 
856 4 0 |u http://proxy.library.tamu.edu/login?url=https://search.ebscohost.com/login.aspx?direct=true&scope=site&db=nlebk&db=nlabk&AN=2653229  |z Connect to the full text of this electronic book  |t 0 
945 |b 181477 
955 |a YBP purchased EBSCO DDA e-records 
980 |b ebook  |c 90100162626  |f DDA  |g 565702  |k USD  |m 145.20  |q 1  |s AcqMono Conventional  |t Demand driven acquisitions (DDA)  |u Vendor order reference number  |v ZYBP  |y PDA  |z Electronic resource 
999 f f |i 3e934ae6-b2d1-4cf7-986d-540fddc03b92  |s 7ad848ac-010a-4dea-80fe-5ad5cefe6f1c  |t 0 
952 f f |a Texas A&M University  |b College Station  |c Electronic Resources  |s www_evans  |d Available Online  |t 0  |e BV185 .R58 2021  |h Library of Congress classification